| 000 | 00976nam0a22002651 4500 | ||
|---|---|---|---|
| 001 | rc\2728078 | ||
| 005 | 20250806203537.0 | ||
| 035 | _a(NLR Aleph) 006855503 | ||
| 090 |
_a57230 _c57230 |
||
| 100 | _a20110915d1943 u y0rusy50 ca | ||
| 101 | 0 | _arus | |
| 102 | _aRU | ||
| 105 | _aa g ||||| | ||
| 200 | 1 |
_aСправочник изобретателя в авиационной промышленности _fПод ред. Д. В. Голяева _gНар. ком. авиац. пром. СССР, Бюро по делам изобретательства |
|
| 210 |
_aМосква _cОборонгиз _d1943 |
||
| 215 |
_a96 с. _cчерт. _d22 см. |
||
| 700 | 1 |
_aГорев _bИ.И. _gИван Иванович |
|
| 702 | 1 |
_aГоляев _bД.В. _4340 |
|
| 801 | 0 |
_aRU _bNLR _gpsbo |
|
| 801 | 1 |
_aRU _bELAR _2rusmarc |
|
| 852 |
_aNLR _jТ10 Г-6/11 |
||
| 942 | _cBOOK | ||
| 945 | _aРоссийская национальная библиотека | ||
| 980 | _aNB | ||
| 980 | _aBV | ||